The mysterious island, (Record no. 1024)

MARC details
000 -LEADER
fixed length control field 00431cam a2200169u 4500
005 - DATE AND TIME OF LATEST TRANSACTION
control field 20260322212043.0
008 - FIXED-LENGTH DATA ELEMENTS--GENERAL INFORMATION
fixed length control field data
010 ## - LIBRARY OF CONGRESS CONTROL NUMBER
LC control number 56058576
040 ## - CATALOGING SOURCE
Original cataloging agency DLC
Transcribing agency CarP
Modifying agency DLC
050 00 - LIBRARY OF CONGRESS CALL NUMBER
Classification number PZ3.V594
Item number My26
001 - CONTROL NUMBER
control field data
100 1# - MAIN ENTRY--PERSONAL NAME
Personal name Verne, Jules,
Dates associated with a name 1828-1905.
240 00 - UNIFORM TITLE
Uniform title L'île mystérieuse. English.
245 14 - TITLE STATEMENT
Title The mysterious island,
Statement of responsibility, etc. Jules Verne.
260 ## - PUBLICATION, DISTRIBUTION, ETC.
Place of publication, distribution, etc. New York,
Name of publisher, distributor, etc. Grosset & Dunlap
Date of publication, distribution, etc. [1956]
300 ## - PHYSICAL DESCRIPTION
Extent 500 p.
Dimensions 22 cm.
Holdings
Withdrawn status Lost status Damaged status Not for loan Home library Current library Shelving location Date acquired Total checkouts Full call number Barcode Date last seen Price effective from Koha item type
        Fairfield Fairfield General stacks 22/03/2026   PZ3.V594 My26 BC0011058 22/03/2026 22/03/2026 Books